[Event "ICS rated blitz match"]
[Site "204.178.125.65"]
[Date "2001.01.25"]
[Round "?"]
[White "seahead"]
[Black "Hossa"]
[Result "0-1"]
[WhiteElo "2035"]
[BlackElo "2539"]
[PlyCount "84"]
[EventDate "2001.??.??"]

1. e4 e6 2. d4 b6 3. Bd3 c5 4. c3 d5 5. e5 cxd4 6. cxd4 Bb7 7. Nf3 Bb4+ 8. Bd2
Bxd2+ 9. Nbxd2 Nc6 10. a3 f6 11. O-O Nh6 12. Re1 O-O 13. b4 fxe5 14. Nxe5 Nxd4
15. Ndf3 Nxf3+ 16. Nxf3 Qf6 17. Qe2 Bc8 18. Rac1 Nf7 19. Rc7 e5 20. Rxf7 Rxf7
21. Nxe5 Rf8 22. g3 Bh3 23. f4 g6 24. Bb5 Rad8 25. Nc6 Rd6 26. Nxa7 Re6 27. Qf2
Rxe1+ 28. Qxe1 Qd4+ 29. Kh1 Qb2 30. Qg1 Rf7 31. Nc6 Qc2 32. Bf1 Bxf1 33. Qxf1
Qxc6 34. a4 Qxa4 35. Qd3 Qa1+ 36. Kg2 d4 37. b5 Qa2+ 38. Kh3 Qe6+ 39. Kg2 Ra7
40. Qxd4 Ra2+ 41. Kf1 Qe2+ 42. Kg1 Qg2# {seahead checkmated} 0-1

[Event "ICS rated blitz match"]
[Site "204.178.125.65"]
[Date "2001.01.25"]
[Round "?"]
[White "Hossa"]
[Black "Conjecture"]
[Result "1-0"]
[WhiteElo "2541"]
[BlackElo "2177"]
[PlyCount "37"]
[EventDate "2001.??.??"]

1. d4 Nf6 2. c4 e6 3. g3 c5 4. Nf3 cxd4 5. Nxd4 Be7 6. Bg2 O-O 7. O-O Nc6 8.
Bf4 Nxd4 9. Qxd4 d6 10. Qd3 Qc7 11. Nc3 a6 12. Rfd1 Rb8 13. Bxd6 Bxd6 14. Qxd6
Qxd6 15. Rxd6 Bd7 16. Rad1 Bc6 17. Bxc6 bxc6 18. Na4 Rfc8 19. Nb6 {
Conjecture resigns} 1-0

[Event "ICS rated standard match"]
[Site "204.178.125.65"]
[Date "2001.01.25"]
[Round "?"]
[White "Hossa"]
[Black "BrazilianMaster"]
[Result "0-1"]
[WhiteElo "2317"]
[BlackElo "2717"]
[PlyCount "220"]
[EventDate "2001.??.??"]

1. d4 e6 2. e4 d5 3. e5 c5 4. c3 Nc6 5. Nf3 Qb6 6. a3 c4 7. Be2 Bd7 8. O-O Nge7
9. Nbd2 Na5 10. Rb1 h6 11. Ne1 Nf5 12. Bg4 g6 13. Bh3 Bg7 14. Nc2 Ba4 15. Nf3
O-O 16. Qe2 Rac8 17. Bf4 g5 18. Bc1 Nb3 19. Bg4 Rfe8 20. Be3 Qd8 21. Nd2 Nxd2
22. Qxd2 f6 23. exf6 Bxf6 24. Rbe1 Qb6 25. Nb4 Nd6 26. Qe2 a5 27. Bxg5 Bxg5 28.
Bxe6+ Kh8 29. Nxd5 Qc6 30. Qg4 Rxe6 31. Rxe6 Qxd5 32. Rxd6 Qxd6 33. Qxc8+ Bd8
34. Qxb7 Bc7 35. Qc8+ Kg7 36. Qh3 Bd7 37. Qh4 Qe6 38. f3 Qf6 39. Qxf6+ Kxf6 40.
Kf2 Bd6 41. Ke3 Bf5 42. g4 Bd3 43. Rh1 a4 44. f4 Ke6 45. h3 Kd5 46. Rg1 Ke6 47.
Kf3 Be7 48. h4 Bxh4 49. Rh1 Be7 50. Rxh6+ Kd7 51. f5 Bg5 52. Rh7+ Kd6 53. Rg7
Bc1 54. Rb7 Kc6 55. Rb8 Kc7 56. Rh8 Kd7 57. Rh7+ Kd6 58. Rh2 Ke7 59. Kg3 Kf6
60. Rg2 Kg5 61. Rf2 Kf6 62. Rh2 Kg5 63. Rg2 Kf6 64. Kf3 Ke7 65. Rh2 Kf6 66. Rf2
Bg5 67. d5 Ke5 68. Kg3 Be7 69. d6 Bxd6 70. f6 Ke6+ 71. Kh4 Kf7 72. g5 Bc5 73.
Rf3 Be4 74. Rf1 Bd3 75. Rf4 Kg6 76. f7 Kg7 77. Kg4 Be7 78. g6 Bxg6 79. Rxc4 Bc2
80. Rf4 Bb3 81. c4 Bc2 82. c5 Bxc5 83. Rc4 Bd1+ 84. Kf5 Bf8 85. Rc7 Bb3 86. Rc8
Kxf7 87. Rxf8+ Kxf8 88. Kg5 Ke7 89. Kf4 Kd6 90. Kf3 Kd5 91. Ke3 Kc4 92. Kd2 Kd4
93. Ke2 Bf7 94. Kd2 Kc4 95. Kc2 Bg6+ 96. Kd2 Kb3 97. Ke3 Kxb2 98. Kd4 Kxa3 99.
Kc3 Bb1 100. Kd2 Kb2 101. Ke2 a3 102. Kf3 a2 103. Kf4 a1=Q 104. Ke5 Qa6 105.
Kf4 Qf6+ 106. Kg4 Be4 107. Kg3 Qg5+ 108. Kf2 Kc1 109. Ke1 Qg3+ 110. Kf1 Bd3# {
Hossa checkmated} 0-1

[Event "ICS rated blitz match"]
[Site "204.178.125.65"]
[Date "2001.01.25"]
[Round "?"]
[White "Hossa"]
[Black "AriEldah"]
[Result "1-0"]
[WhiteElo "2548"]
[BlackElo "2145"]
[PlyCount "69"]
[EventDate "2001.??.??"]

1. e4 e5 2. f4 exf4 3. Nf3 d6 4. d4 d5 5. exd5 Bd6 6. Bb5+ c6 7. dxc6 bxc6 8.
Be2 Ne7 9. O-O O-O 10. Ne5 Nd5 11. Nc4 Bc7 12. Nc3 Be6 13. Nxd5 Bxd5 14. Bxf4
Bxf4 15. Rxf4 Nd7 16. Qf1 Nf6 17. Re1 Re8 18. Ne5 Qe7 19. c4 Be6 20. Nxc6 Qc7
21. Ne5 Rab8 22. b3 Nd7 23. Nxf7 Bxf7 24. Rxf7 Qc6 25. Bf3 Rxe1 26. Qxe1 Qg6
27. Rxd7 Re8 28. Qd1 h6 29. Bd5+ Kh8 30. Bf7 Qg4 31. Qxg4 Re1+ 32. Kf2 Re2+ 33.
Qxe2 g5 34. Bg6 Kg8 35. Qe8# {AriEldah checkmated} 1-0

[Event "ICS rated blitz match"]
[Site "204.178.125.65"]
[Date "2001.01.25"]
[Round "?"]
[White "Kob"]
[Black "Hossa"]
[Result "0-1"]
[WhiteElo "2151"]
[BlackElo "2551"]
[PlyCount "44"]
[EventDate "2001.??.??"]

1. e4 e6 2. d4 d6 3. f4 d5 4. e5 c5 5. c3 cxd4 6. cxd4 Nc6 7. Nf3 Nh6 8. Nc3
Nf5 9. g4 Nh4 10. Be3 Be7 11. Bd3 Ng2+ 12. Kf2 Nxe3 13. Kxe3 f6 14. Kf2 g5 15.
f5 fxe5 16. Nxe5 Nxd4 17. Qa4+ Nc6 18. Nxc6 bxc6 19. Qxc6+ Bd7 20. Qa6 Qb8 21.
fxe6 O-O+ 22. Ke2 Qxb2+ {Kob resigns} 0-1

[Event "ICS Rated blitz match"]
[Site "204.178.125.65"]
[Date "2001.01.26"]
[Round "?"]
[White "Hossa"]
[Black "ChesterX"]
[Result "0-1"]
[WhiteElo "2554"]
[BlackElo "2590"]
[PlyCount "40"]
[EventDate "2001.??.??"]

1. e4 Nc6 2. Nf3 d6 3. d4 Nf6 4. d5 Nb8 5. Bd3 e6 6. dxe6 Bxe6 7. O-O Nc6 8.
Ng5 Bd7 9. Bf4 Be7 10. Nc3 O-O 11. Qd2 Ne5 12. Bxe5 dxe5 13. Rfd1 Bg4 14. f3
Bc8 15. h4 h6 16. Nh3 Bxh3 17. gxh3 Nh5 18. Qe3 Bxh4 19. Bf1 Qf6 20. Nd5 Qg6+ {
Hossa resigns} 0-1

[Event "ICS rated blitz match"]
[Site "204.178.125.65"]
[Date "2001.01.26"]
[Round "?"]
[White "PostModernist"]
[Black "Hossa"]
[Result "1-0"]
[WhiteElo "2658"]
[BlackElo "2540"]
[PlyCount "55"]
[EventDate "2001.??.??"]

1. d4 d5 2. Nf3 Nf6 3. e3 g6 4. c4 c6 5. Bd3 Bg7 6. Nc3 O-O 7. O-O dxc4 8. Bxc4
b5 9. Be2 b4 10. Na4 Qd6 11. a3 bxa3 12. b3 a2 13. Rxa2 Qc7 14. Ba3 Bf5 15. Nc5
a5 16. Nh4 Bc8 17. Nf3 Nbd7 18. Nxd7 Qxd7 19. Ne5 Qb7 20. Rc2 Bf5 21. Rxc6 Ne4
22. Qc1 Ra7 23. g4 Bc8 24. Bf3 Ng5 25. Bg2 Qb8 26. f4 Bxe5 27. dxe5 Ne6 28. f5
{Hossa resigns} 1-0

[Event "ICS rated blitz match"]
[Site "204.178.125.65"]
[Date "2001.01.26"]
[Round "?"]
[White "Hossa"]
[Black "PostModernist"]
[Result "1-0"]
[WhiteElo "2529"]
[BlackElo "2669"]
[PlyCount "111"]
[EventDate "2001.??.??"]

1. e4 c5 2. Nc3 Nc6 3. Nf3 e5 4. Bc4 Be7 5. d3 d6 6. Nd2 h6 7. O-O Nf6 8. f4
exf4 9. Rxf4 O-O 10. Kh1 Ne5 11. Bb3 a5 12. Kg1 Be6 13. Qe2 Qe8 14. Ba4 Qc8 15.
Rf1 Bg4 16. Qf2 Rd8 17. b3 Be6 18. Bb2 Nfg4 19. Qe2 Bg5 20. Nd1 Qc7 21. h3 Nf6
22. Ne3 Bh4 23. Nf5 Bxf5 24. Rxf5 Qe7 25. Bb5 Bg5 26. g3 g6 27. Rf2 Nh5 28. Kg2
Qe6 29. Nc4 Qe7 30. Nb6 Ra7 31. Nd5 Qe6 32. c4 Ng7 33. Raf1 f5 34. exf5 Nxf5
35. h4 Bxh4 36. gxh4 Nxh4+ 37. Kh1 Kh8 38. d4 cxd4 39. Bxd4 Raa8 40. Nc7 Qe7
41. Nxa8 Rxa8 42. Rf7 Nf5 43. Bxe5+ Qxe5 44. Qxe5+ dxe5 45. Rg1 Nh4 46. Rxb7
Rd8 47. Bc6 Rd6 48. Be4 Nf5 49. Rb5 Nh4 50. Rxa5 Re6 51. Ra7 Nf5 52. Bxf5 gxf5
53. Rd1 Re8 54. Rd6 e4 55. Rxh6+ Kg8 56. Rg6+ {PostModernist resigns} 1-0

[Event "ICS rated blitz match"]
[Site "204.178.125.65"]
[Date "2001.01.26"]
[Round "?"]
[White "salzi"]
[Black "Hossa"]
[Result "0-1"]
[WhiteElo "2099"]
[BlackElo "2551"]
[PlyCount "44"]
[EventDate "2001.??.??"]

1. d4 e6 2. c4 Nf6 3. Nc3 Bb4 4. Qc2 d5 5. a3 Bxc3+ 6. Qxc3 dxc4 7. Qxc4 Nc6 8.
e3 e5 9. Nf3 exd4 10. Nxd4 Nxd4 11. Qxd4 O-O 12. Qxd8 Rxd8 13. Be2 Bf5 14. O-O
Bd3 15. Bxd3 Rxd3 16. b4 Ne4 17. Bb2 Rad8 18. Bd4 Nc3 19. Rfe1 Nb5 20. Bb2 Rb3
21. Reb1 Rd2 22. Bc1 Rd1# {salzi checkmated} 0-1

[Event "ICS rated blitz match"]
[Site "204.178.125.65"]
[Date "2001.01.26"]
[Round "?"]
[White "Hossa"]
[Black "salzi"]
[Result "1-0"]
[WhiteElo "2553"]
[BlackElo "2097"]
[PlyCount "49"]
[EventDate "2001.??.??"]

1. e4 c5 2. Nc3 d6 3. f4 g6 4. Nf3 Bg7 5. Bc4 e6 6. O-O Ne7 7. Kh1 O-O 8. d3 d5
9. Bb3 a6 10. a4 Nbc6 11. Bd2 d4 12. Ne2 Na5 13. Ba2 b5 14. b4 cxb4 15. axb5
axb5 16. Bxb4 Nac6 17. Bc5 Bb7 18. Qb1 b4 19. Bxb4 Nxb4 20. Qxb4 Rb8 21. Qd2
Nc6 22. f5 e5 23. Ng5 h6 24. Nxf7 Kh7 25. Nxd8 {salzi resigns} 1-0

[Event "ICS rated blitz match"]
[Site "204.178.125.65"]
[Date "2001.01.26"]
[Round "?"]
[White "Cocovitsch"]
[Black "Hossa"]
[Result "0-1"]
[WhiteElo "2333"]
[BlackElo "2555"]
[PlyCount "90"]
[EventDate "2001.??.??"]

1. d4 d5 2. Nc3 Nf6 3. Bg5 Nbd7 4. e3 e6 5. Bd3 c5 6. Nf3 c4 7. Be2 h6 8. Bh4
Qa5 9. Qd2 Bb4 10. a3 g5 11. Bg3 g4 12. Ne5 Ne4 13. axb4 Qxa1+ 14. Qd1 Qxd1+
15. Bxd1 Nxc3 16. bxc3 Nxe5 17. Bxe5 Rg8 18. O-O a5 19. b5 Bd7 20. b6 a4 21.
Be2 a3 22. Ra1 Bb5 23. Bd6 a2 24. Bc5 Kd7 25. g3 Kc6 26. h4 gxh3 27. Kh2 f6 28.
Bg4 Rxg4 29. Kxh3 Rg7 30. Kh4 Rgg8 31. Kh5 Rg5+ 32. Kh4 f5 33. Kh3 Rg6 34. Kh4
h5 35. Kh3 Rgg8 36. Kh4 Rg4+ 37. Kh3 Rg7 38. Kh4 e5 39. Kh3 Rg6 40. Kh4 Rg4+
41. Kh3 e4 42. Kh2 h4 43. Kh3 hxg3 44. fxg3 Rag8 45. Kg2 Rxg3+ {
Cocovitsch resigns} 0-1

[Event "ICS rated blitz match"]
[Site "204.178.125.65"]
[Date "2001.01.26"]
[Round "?"]
[White "Hossa"]
[Black "Valg"]
[Result "0-1"]
[WhiteElo "2562"]
[BlackElo "2777"]
[PlyCount "178"]
[EventDate "2001.??.??"]

1. e4 e5 2. f4 exf4 3. Nf3 g5 4. h4 g4 5. Ne5 Nf6 6. Bc4 d5 7. exd5 Bd6 8. d4
Nh5 9. O-O Qxh4 10. Qe1 Qxe1 11. Rxe1 O-O 12. Nc3 Bf5 13. Bd3 Bxd3 14. Nxd3 Nd7
15. Rf1 f3 16. gxf3 g3 17. Bh6 Rfe8 18. Bg5 f6 19. Bd2 Nb6 20. b3 Rad8 21. Ne4
f5 22. Nxd6 Rxd6 23. Nf4 Nxf4 24. Bxf4 Rxd5 25. Bxc7 Rxd4 26. Bxg3 Kf7 27. c3
Rd2 28. Rf2 Rd3 29. c4 h5 30. Kf1 Ree3 31. Kg2 Nd7 32. Rh1 Nf6 33. Bb8 a6 34.
Bf4 Re8 35. Rc2 Rd4 36. Bc7 h4 37. Bb6 Rf4 38. Rh3 Nd7 39. Bf2 Ne5 40. Rc3 Rg8+
41. Kf1 b5 42. cxb5 axb5 43. a3 Ra8 44. Bc5 Rc8 45. Ke2 Ke6 46. Bd4 Rd8 47. Be3
b4 48. Rc7 Nd3 49. a4 Rfd4 50. Rc6+ Kd7 51. Rh6 Re8 52. Kd2 Rd5 53. R3xh4 f4
54. Rh7+ Kc8 55. Bd4 Rxd4 56. Rh8 Ne1+ 57. Kc1 Rxh8 58. Rxh8+ Kc7 59. Rf8 Nxf3
60. a5 Ne5 61. Kc2 Kb7 62. Rf6 Ng4 63. a6+ Ka7 64. Rf8 Ne3+ 65. Kb2 Kxa6 66.
Rf6+ Kb5 67. Rf8 Kc6 68. Rb8 f3 69. Rc8+ Kd7 70. Rf8 f2 71. Rxf2 Nd1+ 72. Kb1
Nxf2 73. Kb2 Ne4 74. Ka2 Rd1 75. Kb2 Nc5 76. Kc2 Nxb3 77. Kxd1 Nd4 78. Kd2 b3
79. Kc3 Kc6 80. Kb2 Kb5 81. Kc3 Kc5 82. Kb2 Kb4 83. Kc1 Kc3 84. Kd1 b2 85. Ke1
b1=Q+ 86. Kf2 Qg6 87. Ke3 Qf6 88. Ke4 Qf5+ 89. Ke3 Qf3# {Hossa checkmated} 0-1

[Event "ICS rated blitz match"]
[Site "204.178.125.65"]
[Date "2001.01.26"]
[Round "?"]
[White "monsoon"]
[Black "Hossa"]
[Result "0-1"]
[WhiteElo "2465"]
[BlackElo "2555"]
[PlyCount "186"]
[EventDate "2001.??.??"]

1. d4 e6 2. g3 c5 3. e3 Nf6 4. Bg2 d5 5. Nf3 Nc6 6. O-O c4 7. b3 cxb3 8. cxb3
Bd6 9. Ba3 Bxa3 10. Nxa3 Bd7 11. Nb5 Ne4 12. Nh4 Nb4 13. Qe2 Qb6 14. Na3 Nc3
15. Qb2 Rc8 16. Nf3 Qa6 17. Ne5 Qe2 18. Qxe2 Nxe2+ 19. Kh1 Nc3 20. Nxd7 Kxd7
21. f3 Ncxa2 22. e4 Nc3 23. exd5 Ncxd5 24. Nc4 a6 25. f4 Ke7 26. Bxd5 Nxd5 27.
f5 b5 28. Ne5 Ne3 29. Rfb1 Nxf5 30. Rxa6 Ra8 31. Rb6 Nxd4 32. Rb7+ Kd6 33. Re1
Nxb3 34. Rxb5 Rhb8 35. Rd1+ Kc7 36. Rxb8 Rxb8 37. Rd7+ Kb6 38. Rxf7 Rb7 39. Rd7
Nc5 40. Rd6+ Ka5 41. Kg2 Rb2+ 42. Kh3 Rf2 43. Rc6 Ne4 44. Rc7 Rf5 45. Nc4+ Kb5
46. Na3+ Ka4 47. Nc2 Ng5+ 48. Kg2 Rf7 49. Rc5 Rf2+ 50. Kxf2 Ne4+ 51. Ke3 Nxc5
52. Kd4 Kb5 53. Na3+ Kc6 54. Nc4 Nd7 55. Ne5+ Nxe5 56. Kxe5 Kd7 57. g4 Ke7 58.
Kf4 Kf6 59. Kf3 g5 60. Ke4 Ke7 61. Ke5 h6 62. h3 Kf7 63. Kd4 Ke8 64. Kc4 Ke7
65. Kd4 Kd6 66. Ke4 e5 67. Ke3 Kd5 68. Kd3 e4+ 69. Ke2 Kc4 70. Ke3 Kd5 71. Ke2
Kd4 72. Kd2 e3+ 73. Kc2 Ke4 74. Kc3 e2 75. Kd2 e1=Q+ 76. Kxe1 Kf3 77. Kf1 Kg3
78. Ke2 Kxh3 79. Kf3 Kh4 80. Ke4 Kxg4 81. Ke3 h5 82. Ke4 h4 83. Kd5 h3 84. Kc6
h2 85. Kc5 Kh4 86. Kb4 g4 87. Ka3 g3 88. Ka4 g2 89. Ka5 g1=Q 90. Kb4 Qc1 91.
Ka5 Qb1 92. Ka6 h1=Q 93. Ka7 Qbb7# {monsoon checkmated} 0-1

[Event "ICS rated standard match"]
[Site "204.178.125.65"]
[Date "2001.01.26"]
[Round "?"]
[White "Valg"]
[Black "Hossa"]
[Result "1-0"]
[WhiteElo "2531"]
[BlackElo "2314"]
[PlyCount "129"]
[EventDate "2001.??.??"]

1. d4 e6 2. c4 Nf6 3. Nc3 Bb4 4. e3 c5 5. Bd3 d5 6. Nf3 cxd4 7. exd4 dxc4 8.
Bxc4 Qc7 9. Qd3 O-O 10. O-O Bd7 11. Ne5 Nc6 12. Nxd7 Qxd7 13. Rd1 Rfd8 14. Be3
Qc7 15. Nb5 Qb8 16. Qe2 a6 17. Nc3 Bd6 18. g3 Qc7 19. Rac1 Rac8 20. d5 Ne5 21.
Bb3 exd5 22. Nxd5 Qd7 23. Rxc8 Qxc8 24. Bb6 Nfd7 25. Bxd8 Qxd8 26. Bc2 g6 27.
Be4 f5 28. Bg2 Qb8 29. h3 b5 30. Qe3 Kh8 31. b3 a5 32. Nf4 Bc5 33. Qc3 Bb4 34.
Qb2 Bd6 35. Ne6 Nf6 36. Nd4 Be7 37. Qe2 Bc5 38. Nxb5 Ned7 39. Nd4 f4 40. gxf4
Qxf4 41. Ne6 Qf5 42. Rxd7 Bxf2+ 43. Qxf2 Qxf2+ 44. Kxf2 Nxd7 45. Ke3 h5 46. Be4
Kh7 47. Nf4 Kh6 48. Bxg6 h4 49. Bf5 Ne5 50. Ne6 Nc6 51. Be4 Na7 52. a4 Nc8 53.
Nd8 Nd6 54. Nb7 Nxb7 55. Bxb7 Kg5 56. b4 axb4 57. a5 Kf5 58. a6 Ke5 59. a7 Kd6
60. a8=Q Ke6 61. Bd5+ Ke5 62. Qc6 Kf5 63. Qe6+ Kg5 64. Be4 b3 65. Qg6# {
Hossa checkmated} 1-0

[Event "ICS rated blitz match"]
[Site "204.178.125.65"]
[Date "2001.01.26"]
[Round "?"]
[White "HowAreYou"]
[Black "Hossa"]
[Result "0-1"]
[WhiteElo "2413"]
[BlackElo "2568"]
[PlyCount "76"]
[EventDate "2001.??.??"]

1. d4 Nf6 2. Bg5 Ne4 3. h4 c5 4. dxc5 Qa5+ 5. Nd2 Nxg5 6. hxg5 Qxc5 7. Ngf3 d6
8. Rh4 Nc6 9. e3 Ne5 10. Nxe5 Qxe5 11. Nf3 Qxb2 12. Bd3 h5 13. gxh6 Rxh6 14.
Rxh6 gxh6 15. a4 Bd7 16. Kf1 O-O-O 17. a5 Qc3 18. a6 b6 19. Nd4 Bg7 20. Rc1
Bxd4 21. exd4 Be6 22. Qf3 d5 23. Bf5 Qxd4 24. Bxe6+ fxe6 25. Rd1 Qc4+ 26. Kg1
Qxc2 27. Rd3 Kd7 28. Rc3 Qb1+ 29. Kh2 Qb2 30. Qg3 Rc8 31. Rxc8 Kxc8 32. Qg8+
Kd7 33. Qb8 Qc2 34. Qxa7+ Qc7+ 35. Qxc7+ Kxc7 36. Kg3 b5 37. Kf3 Kb6 38. a7
Kxa7 {HowAreYou resigns} 0-1

[Event "ICS rated standard match"]
[Site "204.178.125.65"]
[Date "2001.01.26"]
[Round "?"]
[White "squasher"]
[Black "Hossa"]
[Result "0-1"]
[WhiteElo "2101"]
[BlackElo "2343"]
[PlyCount "65"]
[EventDate "2001.??.??"]

1. e4 e6 2. d4 d5 3. Nd2 c5 4. exd5 exd5 5. Ngf3 Nf6 6. c3 Nc6 7. Bb5 cxd4 8.
Nxd4 Bd7 9. N2f3 Bd6 10. O-O O-O 11. h3 Nxd4 12. Nxd4 Qc7 13. Bxd7 Nxd7 14. Nb5
Qc6 15. a4 Rfe8 16. Be3 Bc5 17. Bxc5 Nxc5 18. Qf3 Nxa4 19. Nd4 Qd7 20. b3 Nc5
21. Rfd1 a6 22. Nf5 Re5 23. g4 Nxb3 24. Rab1 Nc5 25. Qf4 f6 26. Ne3 Ne4 27. Rd3
Ng5 28. Kh2 Ne6 29. Qb4 b5 30. f4 a5 31. Qxb5 Qxb5 32. Rxb5 Nxf4 33. Rbxd5 {
squasher resigns} 0-1

[Event "ICS rated blitz match"]
[Site "204.178.125.65"]
[Date "2001.01.26"]
[Round "?"]
[White "BountyHunter"]
[Black "Hossa"]
[Result "1-0"]
[WhiteElo "2864"]
[BlackElo "2578"]
[PlyCount "89"]
[EventDate "2001.??.??"]

1. d4 d5 2. c4 c6 3. Nf3 e6 4. e3 Nd7 5. b3 Ngf6 6. a3 c5 7. Bb2 cxd4 8. Bxd4
Be7 9. cxd5 exd5 10. Qc2 Bd6 11. Nc3 O-O 12. Nb5 Bb8 13. Rc1 Qe7 14. Qxc8 Rxc8
15. Rxc8+ Ne8 16. Bd3 b6 17. Ke2 h5 18. Nc7 Bxc7 19. Rxa8 Bb8 20. Rc1 Qd8 21.
Ne5 Nxe5 22. Bxe5 Qe7 23. Bg3 Bxg3 24. Rcc8 Bd6 25. Rxe8+ Qxe8 26. Rxe8+ Bf8
27. b4 g6 28. Ra8 h4 29. Rxa7 Bd6 30. h3 Be5 31. Rb7 d4 32. Rxb6 Kg7 33. a4
dxe3 34. Kxe3 f5 35. Rb7+ Kh6 36. a5 f4+ 37. Ke4 f3 38. gxf3 Bg3 39. a6 Bd6 40.
a7 Bf8 41. a8=Q Bg7 42. Qg8 Bb2 43. Qh7+ Kg5 44. f4+ Kf6 45. Rb6# {
Hossa checkmated} 1-0

[Event "ICS rated standard match"]
[Site "204.178.125.65"]
[Date "2001.01.26"]
[Round "?"]
[White "Hossa"]
[Black "BrazilianMaster"]
[Result "0-1"]
[WhiteElo "2349"]
[BlackElo "2720"]
[PlyCount "116"]
[EventDate "2001.??.??"]

1. d4 d5 2. c4 dxc4 3. Nf3 Nf6 4. e3 Bg4 5. Bxc4 e6 6. O-O Nbd7 7. Nc3 Bd6 8.
e4 e5 9. Qb3 exd4 10. Bxf7+ Kf8 11. Nxd4 Qe7 12. f3 Qe5 13. Nce2 Qxh2+ 14. Kf2
Nc5 15. Qc4 Bd7 16. b4 Qh4+ 17. g3 Qh2+ 18. Ke3 Na4 19. Rf2 Qh6+ 20. Nf4 b5 21.
Qb3 c5 22. Ke2 cxd4 23. Ng6+ hxg6 24. Bxh6 Rxh6 25. Rc1 Bxg3 26. Rg2 Bf4 27.
Rcg1 d3+ 28. Kxd3 Rc8 29. Bxg6 Rc3+ 30. Qxc3 Nxc3 31. Kxc3 Rh3 32. Rf1 Ng4 33.
Rfg1 Rxf3+ 34. Kb2 Ne3 35. Re2 Nc4+ 36. Kc2 Na3+ 37. Kb2 Be5+ 38. Kc1 Bd4 39.
Rg5 Be3+ 40. Rxe3 Rxe3 41. Rg2 Be6 42. Rf2+ Ke7 43. Rg2 Nc4 44. Kc2 Kf6 45. Bh5
g5 46. Rf2+ Ke5 47. Rg2 Kf4 48. Bg6 g4 49. Rf2+ Rf3 50. Re2 g3 51. Bh5 Rf2 52.
Kd1 Rh2 53. e5 Bf5 54. Rxh2 gxh2 55. Ke2 h1=Q 56. Kf2 Qh2+ 57. Ke1 Ke3 58. Be2
Qxe2# {Hossa checkmated} 0-1

[Event "ICS rated blitz match"]
[Site "204.178.125.65"]
[Date "2001.01.26"]
[Round "?"]
[White "Hossa"]
[Black "krahs2"]
[Result "1-0"]
[WhiteElo "2574"]
[BlackElo "1974"]
[PlyCount "41"]
[EventDate "2001.??.??"]

1. d4 Nf6 2. Bg5 Ne4 3. Bf4 c5 4. f3 Qa5+ 5. Nd2 Nf6 6. c3 d5 7. Nb3 Qb6 8.
dxc5 Qd8 9. e4 dxe4 10. Qxd8+ Kxd8 11. O-O-O+ Nbd7 12. Bb5 a6 13. Ba4 e6 14.
Ne2 exf3 15. gxf3 Nd5 16. c6 bxc6 17. Bg3 Bb7 18. Na5 Ra7 19. c4 N5b6 20. Bxc6
Bc8 21. Bf2 {krahs2 resigns} 1-0

[Event "ICS rated blitz match"]
[Site "204.178.125.65"]
[Date "2001.01.26"]
[Round "?"]
[White "krahs2"]
[Black "Hossa"]
[Result "0-1"]
[WhiteElo "1973"]
[BlackElo "2575"]
[PlyCount "60"]
[EventDate "2001.??.??"]

1. e4 e6 2. Nf3 d5 3. e5 Nd7 4. g3 f6 5. exf6 Qxf6 6. Bg2 e5 7. d3 Bb4+ 8. c3
Bd6 9. O-O Ne7 10. Bg5 Qf5 11. Bxe7 Bxe7 12. d4 e4 13. Ne1 O-O 14. Nc2 Qe6 15.
Ne3 c6 16. Nd2 Nb6 17. b3 Ba3 18. Rb1 Bd7 19. b4 a5 20. bxa5 Nc8 21. c4 Rxa5
22. cxd5 cxd5 23. Rxb7 Nd6 24. Rb3 Ba4 25. Rxa3 Bxd1 26. Rxa5 Be2 27. Re1 Bb5
28. a4 Qf6 29. Nd1 Qxd4 30. axb5 Qxd2 {krahs2 resigns} 0-1

[Event "ICS rated blitz match"]
[Site "204.178.125.65"]
[Date "2001.01.26"]
[Round "?"]
[White "Hossa"]
[Black "xbluebolt"]
[Result "1-0"]
[WhiteElo "2576"]
[BlackElo "1913"]
[PlyCount "42"]
[EventDate "2001.??.??"]

1. d4 d5 2. c4 c6 3. Nf3 Nf6 4. Nc3 g6 5. e3 Bg7 6. cxd5 cxd5 7. Bb5+ Bd7 8.
Bxd7+ Nbxd7 9. Qb3 Nb6 10. Na4 Nxa4 11. Qxa4+ Qd7 12. Qxd7+ Nxd7 13. Ke2 Rc8
14. Bd2 O-O 15. Rac1 Nb6 16. b3 h6 17. Ba5 Nd7 18. Bc7 Rfe8 19. Rc3 e5 20. Nxe5
Nxe5 21. dxe5 Re6 {xbluebolt resigns} 1-0

[Event "ICS Rated blitz match"]
[Site "204.178.125.65"]
[Date "2001.01.26"]
[Round "?"]
[White "Kair"]
[Black "Hossa"]
[Result "1-0"]
[WhiteElo "2665"]
[BlackElo "2577"]
[PlyCount "63"]
[EventDate "2001.??.??"]

1. d4 Nf6 2. c4 e6 3. Nc3 Bb4 4. Qc2 O-O 5. e4 c5 6. e5 cxd4 7. a3 Qa5 8. axb4
Qxa1 9. exf6 dxc3 10. fxg7 Kxg7 11. bxc3 Kh8 12. Bd3 Rg8 13. Ne2 Nc6 14. O-O
Ne5 15. Ng3 Nxd3 16. Qxd3 Rg6 17. h4 a5 18. h5 Rg4 19. Ne4 Rxe4 20. Bg5 Qxf1+
21. Kxf1 Rg4 22. Bf6+ Kg8 23. Qf3 Rg7 24. Qf4 axb4 25. Qc7 h6 26. Qd8+ Kh7 27.
Qf8 Ra1+ 28. Ke2 Ra2+ 29. Kf3 Rxf2+ 30. Kxf2 Rxg2+ 31. Kxg2 bxc3 32. Qxf7# {
Hossa checkmated} 1-0

[Event "ICS rated blitz match"]
[Site "204.178.125.65"]
[Date "2001.01.26"]
[Round "?"]
[White "Hossa"]
[Black "PostModernist"]
[Result "0-1"]
[WhiteElo "2565"]
[BlackElo "2595"]
[PlyCount "88"]
[EventDate "2001.??.??"]

1. d4 d5 2. Nf3 Nf6 3. e3 c6 4. Bd3 g6 5. c4 Bg7 6. Nc3 a6 7. O-O O-O 8. Bd2 b5
9. cxd5 cxd5 10. e4 dxe4 11. Nxe4 Nc6 12. Nxf6+ Bxf6 13. Bh6 Re8 14. Be4 Bb7
15. Qd2 e6 16. Rac1 Rc8 17. Rc3 b4 18. Rc4 Qd6 19. Rfc1 a5 20. b3 Bh8 21. Qf4
e5 22. Qg3 Red8 23. Bxc6 Rxc6 24. Rxc6 Bxc6 25. dxe5 Qe6 26. Qh4 Re8 27. Qf4
Bxf3 28. Qxf3 Bxe5 29. Rc6 Qd7 30. Rc1 f5 31. Rd1 Qb5 32. Be3 Kg7 33. Rd5 Qc6
34. Qd1 f4 35. Ba7 Bc7 36. Rc5 Qd6 37. Qc1 Re7 38. Rc4 f3 39. g3 Qd7 40. Bc5
Qh3 41. Qh6+ Kxh6 42. Rh4+ Kg7 43. Rxh7+ Kxh7 44. Bxe7 Qg2# {Hossa checkmated}
0-1

[Event "ICS rated blitz match"]
[Site "204.178.125.65"]
[Date "2001.01.26"]
[Round "?"]
[White "monsoon"]
[Black "Hossa"]
[Result "1/2-1/2"]
[WhiteElo "2485"]
[BlackElo "2550"]
[PlyCount "161"]
[EventDate "2001.??.??"]

1. d4 Nf6 2. Nf3 d5 3. c4 c6 4. Nc3 dxc4 5. a4 Bf5 6. Ne5 e6 7. f3 Bb4 8. e4
Bxe4 9. fxe4 Nxe4 10. Bd2 Qxd4 11. Nxe4 Qxe4+ 12. Qe2 Bxd2+ 13. Kxd2 Qd4+ 14.
Kc2 Na6 15. Nxc4 O-O-O 16. Ne5 Rhf8 17. Nd3 Qc4+ 18. Kb1 Nb4 19. Nxb4 Qxb4 20.
Qf3 Rd2 21. Ra2 Rfd8 22. Be2 R8d7 23. Qe3 R7d4 24. Bf3 Qc5 25. Rc1 Qf5+ 26. Ka1
Kb8 27. Qa3 Rd6 28. Qb4 R2d4 29. Qb3 Qf4 30. Rh1 Rc4 31. Ra3 Rd2 32. Rb1 Rb4
33. Qc3 Rbd4 34. Qc5 Rd8 35. Bxc6 bxc6 36. Rb3+ Kc7 37. Qxa7+ Kd6 38. Rf3 Qd4
39. Rxf7 Qxa7 40. Rxa7 Rg8 41. g4 Rxh2 42. Rd1+ Ke5 43. a5 Kf4 44. Rd4+ Kg3 45.
Re4 Rh6 46. a6 Rg6 47. Rc7 Rxg4 48. Rxg4+ Kxg4 49. Rxc6 Kf5 50. b4 Rb8 51. a7
Ra8 52. Ra6 Ke4 53. Rxe6+ Kd5 54. Re7 Kc6 55. Rxg7 Kb6 56. Kb2 Rxa7 57. Rg8 Rc7
58. Rb8+ Rb7 59. Rf8 Rc7 60. Kb3 Kb7 61. b5 Rg7 62. Kc4 Rg4+ 63. Kc5 Rg5+ 64.
Kb4 Rg4+ 65. Ka5 Rc4 66. Rf5 h5 67. b6 Rd4 68. Rf7+ Kb8 69. Ka6 Ra4+ 70. Kb5
Ra3 71. Rh7 h4 72. Kc6 Rc3+ 73. Kd6 Rb3 74. Kc5 Rc3+ 75. Kb4 Rc2 76. Ka5 Ra2+
77. Kb5 Ra3 78. Kc6 Rc3+ 79. Kd6 Rb3 80. Kc5 Rc3+ 81. Kd6 {
Game drawn by repetition} 1/2-1/2

[Event "ICS rated standard match"]
[Site "204.178.125.65"]
[Date "2001.01.26"]
[Round "?"]
[White "BrazilianMaster"]
[Black "Hossa"]
[Result "1-0"]
[WhiteElo "2722"]
[BlackElo "2346"]
[PlyCount "83"]
[EventDate "2001.??.??"]

1. c4 e5 2. Nc3 Nf6 3. Nf3 Nc6 4. a3 d5 5. cxd5 Nxd5 6. Qc2 Nxc3 7. dxc3 Bd6 8.
e4 Bg4 9. Be2 Qe7 10. O-O O-O-O 11. b4 h5 12. Be3 Qe6 13. h3 Bxf3 14. Bxf3 Kb8
15. Qa2 Qf6 16. a4 g5 17. b5 Na5 18. Be2 g4 19. h4 Qxh4 20. Qxf7 g3 21. fxg3
Qxe4 22. Qf3 Qg6 23. Rad1 b6 24. Qf5 Qxg3 25. Qe4 Bc5 26. Rxd8+ Rxd8 27. Bxc5
bxc5 28. Bf3 c6 29. bxc6 Qf4 30. Qh7 Kc8 31. Qxa7 Qe3+ 32. Kh1 Qf4 33. Qa8+ Kc7
34. Qxa5+ Kc8 35. Qa7 Rd6 36. Qb7+ Kd8 37. c7+ Ke7 38. c8=Q+ Kf6 39. Qh8+ Ke6
40. Qg8+ Kf5 41. Qbf7+ Rf6 42. Qgg6# {Hossa checkmated} 1-0